• 首页
  • 本馆介绍
  • 公告通知
  • 最新文献
  • 馆藏检索
  • 电子资源
  • 读者导购
  • 参考咨询
  • 我的图书馆
  • 登录
  • 详细信息显示
  • 放入我的书架
  • 预约/预借图书
  • 作者相关作品
  • 分类相关作品
  • 丛书相关作品
  • 出版社相关作品

书目信息

  • 表格格式
  • 工作单格式
  • 卡片格式
题名:
无线电发送设备
    
 
作者: 德罗波夫 著
分册: 上  
出版信息: 北京   人民邮电出版社  1956
页数: 524页
开本: 20cm
丛书名:
单 册:
中图分类: TN83
科图分类:
主题词: 无线电发射机-半导体器件 , 半导体器件-无线电发射机
电子资源:
ISBN:
000 00674nam 2200229 45
001 0191010809
005 20060509100301.81
010    @dCNY1.80
100    @a19910514d1956 em y0chiy0121 ea
101 0  @achi@crus
102    @aCN@b110000
105    @ay z 000yy
200 10 @a无线电发送设备@Awu xian dian fa song she bei@h上@f(苏)C·А·德罗波夫著@F(su)C·А·de luo bo fu zhu
210    @a北京@c人民邮电出版社@d1956
215    @a524页@d20cm
300    @a高等学校教学用书
606    @a无线电发射机-半导体器件
606    @a半导体器件-无线电发射机
690    @aTN83@v4
701  0 @a德罗波夫@Ade luo bo fu@4著
801  0 @aCN@bTSSF@c20060509
905    @a10447@dTN83@e3:1
    
    无线电发送设备.上/(苏)C·А·德罗波夫著.-北京:人民邮电出版社,1956
    524页;20cm
    高等学校教学用书
    
    ISBN :CNY1.80
    
●
相关链接 在E读中查询图书 在五车中查询图书 在当当中查询图书 在豆瓣中查询图书


正题名:无线电发送设备     索取号:TN83/3:1         预约/预借

序号 登录号 条形码 馆藏地/架位号 状态 备注
1 0010132   202316252   密集书库/ [索取号:TN83/3:1] 在馆    
唐山师范学院图书馆 欢迎您!
大连网信软件有限公司© 版权所有